Normal view
MARC view
- Bible.
Entry Uniform Title
001 - CONTROL NUMBER
- control field: 79766
003 - CONTROL NUMBER IDENTIFIER
- control field: OSt
005 - DATE AND TIME OF LATEST TRANSACTION
- control field: 20210820125821.0
008 - FIXED-LENGTH DATA ELEMENTS
- fixed length control field: 210820|| aca||aabn | a|a d
040 ## - CATALOGING SOURCE
- Original cataloging agency: OSt
- Transcribing agency: OSt
130 ## - HEADING--UNIFORM TITLE
- Uniform title: Bible.
- Name of part/section of a work: Old Testament
- General subdivision: Paraphrases, English.
670 ## - SOURCE DATA FOUND
- Source citation: Work cat.: (OSt)0: Smith, Brendan Powell, author, illustrator. 79765, The compact brick Bible :, 2020.